| 000 | 00880nam a22002177a 4500 | ||
|---|---|---|---|
| 999 |
_c197566 _d197566 |
||
| 005 | 20230824171109.0 | ||
| 010 | _aHIN-125674 | ||
| 020 |
_c100.00 _a9788195039920 |
||
| 035 | _aHN-98020 | ||
| 037 | _bDBAD/PUB | ||
| 082 | _aक | ||
| 100 | _aमहास्वामी जी, अभिनव विद्यातीर्थ | ||
| 245 |
_aशिक्षाप्रद नितिकथाये / _cमहास्वामी जी, अभिनव विद्यातीर्थ |
||
| 260 |
_bcentre for brahmavidya _c2022 _aChennai |
||
| 270 |
_asvk towers 8th floor A25 Industrial estate Guindy _bChennai _e600032 |
||
| 300 |
_a276 पृ. _c23 सेमी(अजिल्द ) |
||
| 650 |
_x _z |
||
| 650 | _v | ||
| 710 |
_aदिव्यसानु पाण्डेय _eअनुवादक |
||
| 942 |
_2ddc _cHN _hक _mमहास्व |
||